Right Round - Flo Rida Feat. Kesha - All Lyrics - Statistics

General Stats
  • This quiz has been taken 68 times
  • The average score is 333 of 572
Answer Stats
Answer % Correct
round,
100%
round
100%
spin
100%
my
98%
My
98%
right
98%
ya
98%
You
98%
you
98%
head
97%
go
92%
go,
92%
down,
89%
down
89%
down)
89%
When
89%
when
89%
a
86%
A
86%
I
85%
me
68%
me,
68%
the
66%
Yeah!
65%
in,
63%
in
63%
to
63%
Hey,
62%
I'm
60%
I’m
60%
goin'
58%
it's
57%
It's
57%
(It's
57%
It’s
57%
like
57%
be
54%
Hop
54%
No
52%
no
52%
outta
52%
be
51%
got
51%
ours
51%
She
51%
money
49%
of
49%
is
48%
going
46%
and
45%
And
45%
control
42%
out
42%
then
42%
we
42%
We
42%
where
42%
her
40%
on
40%
that
38%
there
38%
watch
38%
but
35%
But
35%
gonna
35%
show
35%
that
35%
That
35%
your
35%
around
34%
they
34%
Ain't
32%
bankroll
32%
club
32%
nothin'
32%
She’s
31%
at
29%
know
29%
now,
29%
places
29%
Somebody
29%
Get
28%
get
28%
Girl,
28%
Girl
28%
Just
28%
just
28%
more
28%
throwing
28%
up
28%
all
26%
From
26%
help
26%
look
26%
nothing
26%
shawty
26%
shower
26%
spending
26%
top
26%
I'll
25%
with
25%
women,
25%
'cause
23%
‘cause
23%
('Cause)
23%
love
23%
poppin’
23%
Poppin'
23%
Tell
23%
these
23%
time
23%
Time
23%
beautiful
22%
found
22%
house
22%
mind
22%
see,
22%
that's
22%
Watching
22%
bottles,
20%
Don’t
20%
keep
20%
one
20%
ours
20%
taking
20%
walk
20%
amazing,
18%
asses
18%
body
18%
man
18%
models
18%
People
18%
pockets
18%
power,
18%
stoppin'
18%
swagger
18%
homies
17%
king
17%
night,
17%
pole
17%
than
17%
blazing,
15%
Cartier,
15%
fire
15%
let
15%
making
15%
part
15%
roll
15%
tellin'
15%
tonight
15%
wearing
15%
always
14%
crown
14%
dance
14%
meant
14%
poster
14%
shot
14%
Benjamin
12%
Call
12%
closer?
12%
clothes
12%
comin’
12%
gold
12%
storm
12%
touching
12%
won't
12%
ballin',
11%
dammit
11%
fan
11%
fans
11%
maximum
11%
move
11%
must
11%
plan
11%
precious
11%
wage
11%
belong
9%
fadeaway
9%
flowers
9%
made
9%
mama,
9%
number
9%
shorties,
9%
couple
8%
dirty
8%
goody
8%
hotter
8%
jewelry
8%
Lil
8%
lil'
8%
paid,
8%
paper
8%
talk
8%
bands
6%
Franklin's
6%
holster
6%
open
6%
Patron
6%
waving
6%
whatever
6%
Cajun
5%
daze,
5%
gun
5%
mouth,
5%
owe
5%
Pirellis
5%
planes
5%
platinum
5%
bottom
3%
building
3%
chauffeur
3%
Doing
3%
grands,
3%
rubber
3%
sand
3%
truth
3%
castles
2%
No matching quizzes found
Score Distribution
Percent of People with Each Score
Percentile by Number Answered
Your Score History
You have not taken this quiz